|
|
|
|
| LEADER |
00805nab a2200217 i 4500 |
| 001 |
acta9364 |
| 005 |
20250516150938.0 |
| 008 |
161015s1997 hu o 000 hun d |
| 022 |
|
|
|a 0865-5553
|
| 040 |
|
|
|a SZTE Egyetemi Kiadványok Repozitórium
|b hun
|
| 041 |
|
|
|a hun
|
| 100 |
2 |
|
|a Z. Kovács Zoltán
|
| 245 |
1 |
0 |
|a Kora romantikus irónia, Kemény Zsigmond, későromantikus allegória
|h [elektronikus dokumentum] :
|b a Férj és nő és az öncsalás románca /
|c Z. Kovács Zoltán
|
| 260 |
|
|
|a Pompeji Alapítvány
|b Szeged
|c 1997
|
| 300 |
|
|
|a 189-211
|
| 490 |
0 |
|
|a Pompeji
|
| 650 |
|
4 |
|a Bölcsészettudományok
|
| 650 |
|
4 |
|a Nyelvek és irodalom
|
| 695 |
|
|
|a Irodalomtudomány
|
| 700 |
0 |
1 |
|a Kemény Zsigmond
|
| 856 |
4 |
0 |
|u http://acta.bibl.u-szeged.hu/9364/1/pompeji_1997_002_003_189-211.pdf
|z Dokumentum-elérés
|